Music Quiz

Random Music or Artist Quiz

Artists with Top 10 Singles in 2015 Quiz Stats

Quiz Updated Dec 21, 2015

Score 0/34 Timer 08:00
0 Plays Today
% Correct
Adele
97.4%
Taylor Swift
96.5%
Maroon 5
94.2%
Drake
91.5%
Rihanna, Kanye West, and Paul McCartney
90.4%
Justin Bieber
89.4%
Pitbull and Ne-Yo
87.8%
Selena Gomez
87.1%
Sam Smith
87.1%
One Direction
86.1%
Ed Sheeran
83.7%
Ariana Grande
78.5%
The Weeknd
78.1%
Meghan Trainor
74.1%
Ellie Goulding
73.9%
Fall Out Boy
71%
Jason Derulo
62.2%
% Correct
Wiz Khalifa
60.1%
Skrillex & Diplo
59.7%
Fetty Wap
57.5%
David Guetta
56.5%
Flo Rida
52.5%
Walk the Moon
47.8%
OMI
45.7%
Shawn Mendes
45.1%
Andy Grammer
34.5%
Silentó
33.9%
Major Lazer and DJ Snake
33.5%
Rachel Platten
31.6%
Elle King
30.2%
Alessia Cara
21.7%
Natalie La Rose
19.7%
R. City
19.3%
T-Wayne
13.2%

You're not logged in!

Compare scores with friends on all Sporcle quizzes.
Sign Up with Email
OR
Log In

You Might Also Like...

Show Comments

Extras

Top Quizzes Today


Score Distribution

Your Account Isn't Verified!

In order to create a playlist on Sporcle, you need to verify the email address you used during registration. Go to your Sporcle Settings to finish the process.